Missing Word: Movies, Books & Music (I) Quiz Stats

 Plays Quiz Updated Jul 18, 2018

Challenge
Share
Tweet
Embed
Score 0/21 Timer 02:00
3 Plays Today
Hint Answer % Correct
MusicI'll
99%
MusicIsn't
95.5%
MusicIvory
95.1%
BooksIsland
94.7%
MoviesIron
91.7%
BooksIdes
89%
BooksIce
88.9%
MoviesIrene
86.2%
MoviesIndecent
83.2%
MoviesIwo
81.5%
BooksInterview
81.1%
Hint Answer % Correct
BooksInnocent
79.5%
MoviesInferno
76.8%
BooksIndia
76.2%
MusicImpress
66.2%
MoviesImpact
56.4%
MusicInvisible
40.4%
MoviesImitation
36.8%
MusicInside
28.5%
BooksIpcress
24.1%
MusicItchycoo
9.6%

Today's Daily Dose

Word Ladder
Bruno Mars Song

Get the Picture
Japanese Cars

You're not logged in!

Compare scores with friends on all Sporcle quizzes.
OR
Log In

You Might Also Like...

Show Comments

Extras

Top Quizzes Today


Score Distribution

Your Account Isn't Verified!

In order to create a playlist on Sporcle, you need to verify the email address you used during registration. Go to your Sporcle Settings to finish the process.

Report this User

Report this user for behavior that violates our Community Guidelines.

Details: